000 00299nam a22001337a 4500
008 170614b xxu||||| |||| 00| 0 eng d
020 _a9780130992796
041 _aeng
080 _a327
100 _a19
101 _aSHP
245 _aTHE ELUSIVE QUEST CONTINUES
_cFERGUSON,Y.H
942 _2udc
_cBK
999 _c17380
_d17380